000 00221nam a2200097Ia 4500
008 190216s9999||||xx |||||||||||||| ||und||
100 _aHaill L A
245 0 _aGuide To Correct English
260 _bOup London
942 _cBK
999 _c15192
_d15192